00852nam a2200181Ia 4500003000900000005001700009008004100026040003100067040001300098041000800111100002300119245007300142250000600215260002600221300001800247490001300265520039200278IT-RoPAU20220918175907.0120407s9999 xx 000 0 und d aIT-RoPAUc20131105152639.0 cIT-RoPAU aita a Aberione, Giacomo aSpiritualità paolina. bDevozioni della prima settimana del mese.  aI aRoma bTip. FSPc1962 a503 p.c17 cm v1° Vol. aIndice per argomento Presentazione Le divozioni della prima settimana del mese Divozione a San Paolo Divozione alle anime purganti Divozione a San Giuseppe Divozione a Gesù Maestro Divozione alla Regina degli Apostoli Ore di Adorazione nella Prima Domenica del mese Indice per materia Gennaio Febbraio Marzo Aprile Maggio Giugno Luglio Agosto Settembre Ottobre Novembre Dicembre